000 00740cam a22002653a 4500
001 978
003 PGUSA
005 20140828082955.0
008 970701s1997||||xxu|||||s|||||000 1 eng d
040 _aPGUSA
_beng
042 _adc
050 4 _aPS
100 1 _aFreeman, Mary Eleanor Wilkins,
_d1852-1930
245 1 4 _aThe Yates Pride :
_bA Romance
_h[electronic resource] /
_cMary Eleanor Wilkins Freeman
260 _bProject Gutenberg,
_c1997
506 _aPublic domain in the USA.
516 _aElectronic text
653 _aVillages -- Fiction
653 _aFiction
653 _aLove stories
653 _aShort stories
830 0 _aProject Gutenberg
_v978
856 4 0 _uhttp://www.gutenberg.org/ebooks/978
942 _cEB
999 _c230329
_d230329